000 00319 a2200145 4500
001 171616
020 _a
040 _cMagnum
100 _aSalgado, Mauro Ivan
240 1 0 _aRisameno, o dentinho amarelo
_lpor
245 1 0 _aRisameno, o dentinho amarelo
362 0 _a1899
697 _aI/PARADIDATICO
942 _cBK
999 _c171616
_d171616